| 000 | nam a22 a 4500 | ||
|---|---|---|---|
| 999 |
_c2974 _d2974 |
||
| 005 | 20170519083110.0 | ||
| 008 | 170519b1961 enk||||| |||| 00| 0 eng d | ||
| 020 | _a 042272050X | ||
| 040 | _aAKMAL | ||
| 082 | _a658 BUR | ||
| 090 |
_a658 _b BUR |
||
| 100 | 1 |
_aBurns, Tom. _96223 |
|
| 245 | 1 | 4 |
_aThe management of innovation / _cTom Burns and G. M. Stalker. |
| 260 |
_aLondon : _b Tavistock Publications, _c1961. |
||
| 300 |
_a xxii,269p. _c22cm |
||
| 650 | 0 |
_aManagement. _91462 |
|
| 650 | 0 |
_aIndustrial management. _92203 |
|
| 650 | 0 |
_aIndustrial sociology. _96224 |
|
| 700 | 1 |
_aStalker, G. M. _96225 |
|
| 942 |
_2ddc _cBOOK |
||